TV - Titres d'émissions pas si originaux - Statistiques

Statistiques générales
  • Ce quiz a été pris 87 fois
  • Le résultat moyen est 23 sur 33
Statistiques - réponses
Hint Réponse % Correct
Les douze coups de minuit Les Douze Coups de midi
99%
Questions pour un champignon Questions pour un champion
96%
La jante de la fortune La roue de la fortune
95%
Un dîner presque mangeable Un dîner presque parfait
95%
Koh-Lentilles Koh-Lanta
92%
Qui veut gagner des roubles? Qui veut gagner des millions?
92%
Touche pas à mon CDD Touche pas à mon poste
92%
La juste réduction Le Juste Prix
91%
Le Maillot Faible Le Maillon Faible
91%
Tout le monde veut prendre sa place de parking Tout le monde veut prendre sa place
91%
Une famille en bois Une famille en or
91%
Motus et bouche cousue Motus
87%
Des chiffres et des hiéroglyphes Des chiffres et des lettres
81%
Les Enfants du cinéma Les Enfants de la télé
77%
Attention à l'escalier! Attention à la marche !
76%
Zone privée Zone Interdite
73%
Torototo Taratata
71%
Maison à redécorer Maison à vendre
70%
Mask Butcher Mask Singer
70%
Que le pire perde Que le meilleur gagne
67%
Slap Slam
63%
Personne a son mot à dire Tout le monde a son mot à dire
61%
Recherche chalet ou yourte Recherche Appartement ou Maison
59%
Tournez cheval! Tournez manège!
58%
Chacun son tour de manège Chacun son tour
54%
Le gros deal Le Bigdil
54%
Man vs Child Man vs Wild
49%
Toy Story Secret Story
48%
Le globe aux trésors La Carte aux trésors
47%
Afternoon Live Morning Live
44%
Pharaon Pyramide
30%
N'oubliez pas votre dentifrice N'oubliez pas votre brosse à dents
16%
Pas facile à Chanter Fa Si La Chanter
13%
Aucun quiz correspondant
Distribution des résultats
% des personnes avec chaque résultat
Percentile par nombre de réponses
Votre historique - résultats
Vous n’avez pas pris ce quiz